100 Biggest Cities of Azerbaijan on a Map - Statistics

General Stats
  • This quiz has been taken 70 times
  • The average score is 13 of 100
Answers on the Map
Answers color-coded by a green-red scale on the quiz's map according to % correct below.
 
Answer Stats
Population City % Correct
2,300,500 Baku
100%
331,400 Ganja
56%
95,100 Nakhchivan
46%
341,200 Sumqayit
46%
51,300 Lankaran
41%
70,684 Shirvan
33%
106,100 Mingachevir
28%
38,100 Quba
28%
68,360 Sheki
28%
16,800 Astara
26%
31,300 Zaqatala
26%
49,848 Khankendi
23%
10,372 Ordubad
23%
14,746 Masalli
21%
14,241 Neftchala
21%
14,470 Qobustan
21%
38,500 Barda
18%
35,102 Gazakh
18%
25,846 Jelilabad
18%
30,396 Salyan
18%
39,600 Shamakhi
18%
59,036 Yevlakh
18%
20,200 Aghstafa
15%
85,000 Hövsan
15%
12,500 Julfa
15%
35,523 Lökbatan
15%
11,415 Qakh
15%
16,500 Qusar
15%
40,600 Shamkir
15%
18,655 Siyazan
15%
13,520 Tovuz
15%
12,600 Alat
13%
9,161 Gadabay
13%
27,536 Hajigabul
13%
20,660 Ismailli
13%
39,900 Khachmaz
13%
8,300 Nardaran
13%
22,344 Sabunchu
13%
9,306 Sadarak
13%
10,108 Türkan
13%
20,200 Ağsu
10%
20,098 Bilasuvar
10%
8,300 Bilgah
10%
31,500 Buzovna
10%
36,200 Goychay
10%
37,280 Göygöl
10%
31,310 Imishli
10%
10,894 Khudat
10%
15,385 Kurdamir
10%
24,965 Mardakan
10%
43,700 Mashtaga
10%
13,583 Pirallahi
10%
17,900 Saatli
10%
30,918 Sabirabad
10%
10,228 Samukh
10%
10,693 Saray
10%
14,273 Ujar
10%
11,053 Zira
10%
136,000 Aghjabadi
8%
11,615 Balakhani
8%
12,263 Beylagan
8%
26,395 Bina
8%
12,900 Corat
8%
10,566 Dashkasan
8%
22,000 Haji Zeynalabdin
8%
10,100 Naftalan
8%
13,752 Nehram
8%
14,992 Shuvelan
8%
12,563 Terter
8%
16,127 Yeni Surakhani
8%
22,497 Zabrat
8%
29,600 Agdash
5%
28,203 Amirjan
5%
8,084 Archivan
5%
11,871 Badamdar
5%
71,600 Bakikhanov
5%
45,008 Bilajari
5%
37,100 Binagadi
5%
17,105 Bülbüla
5%
10,067 Goytapa
5%
100,900 Khirdalan
5%
11,500 Liman
5%
51,800 Mammad Amin Rasulzade
5%
85,900 Qaraçuxur
5%
10,130 Qovlar
5%
22,116 Sahil
5%
8,450 Zardab
5%
10,974 Ahmadli
3%
15,654 Arkivan
3%
10,000 Boladi
3%
16,998 Hindarkh
3%
25,626 Keshla
3%
7,907 Zayam
3%
10,700 Aliabad
0%
13,260 Bash Göynük
0%
87,400 Çadırlı
0%
12,808 Qazmalar
0%
16,018 Qazyan
0%
13,002 Quzanli
0%
8,190 Yarlı
0%
No matching quizzes found
Score Distribution
Percent of People with Each Score
Percentile by Number Answered
Your Score History
You have not taken this quiz